Životné minimum od 1.7.2016 a jeho vplyv na vybrané daňové veličiny

Prehľad vybraných daňových ukazovateľov závislých od životného minima v roku 2017. Daňový bonus v roku 2016 a v roku 2017. Nezdaniteľná časť základu dane na daňovníka za rok 2017. Nezdaniteľná časť základu dane na manželku za rok 2017. Nepostihnuteľné časti mzdy pri výkone zrážok od 1.7.2016 do 30.6...

Descripción completa

Guardado en:
Detalles Bibliográficos
Autor principal: Rabatinová, Marcela, 1977-
Formato: Capítulo de libro
Lenguaje:eslovaco
Materias:
Etiquetas: Agregar Etiqueta
Sin Etiquetas, Sea el primero en etiquetar este registro!

MARC

LEADER 00000naa a2200000 4500
001 0225486
005 20240502073710.3
041 0 |a slo 
044 |a SK 
245 1 0 |a Životné minimum od 1.7.2016 a jeho vplyv na vybrané daňové veličiny  |c Marcela Rabatinová 
520 |a Prehľad vybraných daňových ukazovateľov závislých od životného minima v roku 2017. Daňový bonus v roku 2016 a v roku 2017. Nezdaniteľná časť základu dane na daňovníka za rok 2017. Nezdaniteľná časť základu dane na manželku za rok 2017. Nepostihnuteľné časti mzdy pri výkone zrážok od 1.7.2016 do 30.6.2017. Praktické príklady. 
610 2 0 |a dane z príjmov 
610 2 0 |a daňovníci 
610 2 0 |a úľavy daňové 
610 2 0 |a základ dane 
610 2 0 |a minimum existenčné 
610 2 0 |a osoby fyzické 
100 1 |a Rabatinová, Marcela, 1977-